| 000 | 00454nam a22001817a 4500 | ||
|---|---|---|---|
| 003 | OSt | ||
| 005 | 20140310182146.0 | ||
| 008 | 130829t xxu||||| |||| 00| 0 eng d | ||
| 050 |
_aDK 4430 _b.W742 1991 |
||
| 082 |
_aHS 919.804 _bL592 1980 |
||
| 100 | L |
_aWilly, Ley _915529 |
|
| 245 |
_aThe Poles / _cWilly Ley. |
||
| 260 |
_aHong kong : _bTime life books, _c1980. |
||
| 300 |
_a192 p. ; _c28 cm. |
||
| 650 |
_aPole _915530 |
||
| 942 | _2lcc | ||
| 999 |
_c9929 _d9929 |
||